[Event "Irena Warakomska Memorial B"]
[Site "Suwalki"]
[Date "2020.08.08"]
[Round "3"]
[White "Peksa, Piotr"]
[Black "Gladyszewski, Adam"]
[Result "1/2-1/2"]
[Board "33"]
[WhiteElo "1018"]
[WhiteCountry "POL"]
[WhiteFideId "21893659"]
[WhiteEloChange "4"]
[BlackElo "1174"]
[BlackCountry "POL"]
[BlackFideId "21856788"]
[BlackEloChange "-4"]

1. c4 {[%clk 1:30:30]} c5 {[%clk 1:30:30]} 2. Nc3 {[%clk 1:30:30]} Nf6 {[%clk
1:30:30]} 3. g3 {[%clk 1:30:30]} e6 {[%clk 1:30:30]} 4. Bg2 {[%clk 1:30:30]} d5
{[%clk 1:30:30]} 5. cxd5 {[%clk 1:30:30]} Nxd5 {[%clk 1:30:30]} 6. Nf3 {[%clk
1:30:30]} Nc6 {[%clk 1:30:30]} 7. O-O {[%clk 1:30:30]} Be7 {[%clk 1:30:30]} 8. d4
{[%clk 1:30:30]} O-O {[%clk 1:30:30]} 9. Nxd5 {[%clk 1:30:30]} Qxd5 {[%clk
1:30:30]} 10. Ne5 {[%clk 1:30:30]} Qxd4 {[%clk 1:30:30]} 11. Nxc6 {[%clk
1:30:30]} bxc6 {[%clk 1:30:30]} 12. Bxc6 {[%clk 1:30:30]} Rb8 {[%clk 1:30:30]}
13. Qxd4 {[%clk 1:30:30]} cxd4 {[%clk 1:30:30]} 14. b3 {[%clk 1:30:30]} Ba6
{[%clk 1:30:30]} 15. Bf3 {[%clk 1:30:30]} Rbc8 {[%clk 1:30:30]} 16. Bb2 {[%clk
1:30:30]} Rfd8 {[%clk 1:30:30]} 17. Rac1 {[%clk 1:30:30]} e5 {[%clk 1:30:30]} 18.
Rfd1 {[%clk 1:30:30]} Bg5 {[%clk 1:30:30]} 19. Bg4 {[%clk 1:30:30]} Bxc1 {[%clk
1:30:30]} 20. Bxc8 {[%clk 1:30:30]} Rxc8 {[%clk 1:30:30]} 21. Rxc1 {[%clk
1:30:30]} Rxc1+ {[%clk 1:30:30]} 22. Bxc1 {[%clk 1:30:30]} Bxe2 {[%clk 1:30:30]}
23. f4 {[%clk 1:30:30]} e4 {[%clk 1:30:30]} 24. Kf2 {[%clk 1:30:30]} Bb5 {[%clk
1:30:30]} 25. Bb2 {[%clk 1:30:30]} d3 {[%clk 1:30:30]} 26. Ke1 {[%clk 1:30:30]}
e3 {[%clk 1:30:30]} 27. Bd4 {[%clk 1:30:30]} e2 {[%clk 1:30:30]} 28. Bxa7 {[%clk
1:30:30]} f5 {[%clk 1:30:30]} 29. a4 {[%clk 1:30:30]} Ba6 {[%clk 1:30:30]} 30. b4
{[%clk 1:30:30]} Bc4 {[%clk 1:30:30]} 31. b5 {[%clk 1:30:30]} Kf7 {[%clk
1:30:30]} 32. Bf2 {[%clk 1:30:30]} Ke6 {[%clk 1:30:30]} 33. Kd2 {[%clk 1:30:30]}
Kd5 {[%clk 1:30:30]} 34. Kc3 {[%clk 1:30:30]} h6 {[%clk 1:30:30]} 35. Be1 {[%clk
1:30:30]} g5 {[%clk 1:30:30]} 36. fxg5 {[%clk 1:30:30]} hxg5 {[%clk 1:30:30]} 37.
b6 {[%clk 1:30:30]} Ba6 {[%clk 1:30:30]} 38. a5 {[%clk 1:30:30]} Ke4 {[%clk
1:30:30]} 39. h4 {[%clk 1:30:30]} gxh4 {[%clk 1:30:30]} 40. gxh4 {[%clk 1:30:30]}
f4 {[%clk 1:30:30]} 41. h5 {[%clk 1:30:30]} Kf5 {[%clk 1:30:30]} 42. h6 {[%clk
1:30:30]} Kg6 {[%clk 1:30:30]} 43. h7 {[%clk 1:30:30]} Kxh7 {[%clk 1:30:30]} 44.
Kd4 {[%clk 1:30:30]} Kg6 {[%clk 1:30:30]} 45. Ke4 {[%clk 1:30:30]} Kg5 {[%clk
1:30:30]} 46. Kf3 {[%clk 1:30:30]} Bb7+ {[%clk 1:30:30]} 47. Kf2 {[%clk 1:30:30]}
Kf5 {[%clk 1:30:30]} 48. Bd2 {[%clk 1:30:30]} Ke4 {[%clk 1:30:30]} 49. Bc3 {[%clk
1:30:30]} f3 {[%clk 1:30:30]} 50. Bd2 {[%clk 1:30:30]} Kd4 {[%clk 1:30:30]} 51.
Be1 {[%clk 1:30:30]} Kc4 {[%clk 1:30:30]} 52. Ke3 {[%clk 1:30:30]} Ba6 {[%clk
1:30:30]} 53. Kd2 {[%clk 1:30:30]} Kd4 {[%clk 1:30:30]} 54. Bf2+ {[%clk 1:30:30]}
Kc4 {[%clk 1:30:30]} 55. Be1 {[%clk 1:30:30]} Kc5 {[%clk 1:30:30]} 56. Ke3 {[%clk
1:30:30]} 1/2-1/2

[Event "Irena Warakomska Memorial B"]
[Site "Suwalki"]
[Date "2020.08.08"]
[Round "3"]
[White "Pietryk, Hanna"]
[Black "Owczarz, Michal"]
[Result "0-1"]
[Board "34"]
[WhiteElo "1161"]
[WhiteCountry "POL"]
[WhiteFideId "21003505"]
[WhiteEloChange "-14"]
[BlackElo "1018"]
[BlackCountry "POL"]
[BlackFideId "21048665"]
[BlackEloChange "14"]

1. e4 {[%clk 1:30:30]} c5 {[%clk 1:30:30]} 2. Nf3 {[%clk 1:30:30]} Nc6 {[%clk
1:30:30]} 3. d4 {[%clk 1:30:30]} cxd4 {[%clk 1:30:30]} 4. Nxd4 {[%clk 1:30:30]}
Nf6 {[%clk 1:30:30]} 5. Nc3 {[%clk 1:30:30]} e5 {[%clk 1:30:30]} 6. Nf3 {[%clk
1:30:30]} Bb4 {[%clk 1:30:30]} 7. Bd2 {[%clk 1:30:30]} Bxc3 {[%clk 1:30:30]} 8.
Bxc3 {[%clk 1:30:30]} Nxe4 {[%clk 1:30:30]} 9. Bxe5 {[%clk 1:30:30]} Nxe5 {[%clk
1:30:30]} 10. Nxe5 {[%clk 1:30:30]} Qa5+ {[%clk 1:30:30]} 11. c3 {[%clk 1:30:30]}
Qxe5 {[%clk 1:30:30]} 12. Be2 {[%clk 1:30:30]} O-O {[%clk 1:30:30]} 13. Qd4
{[%clk 1:30:30]} Qxd4 {[%clk 1:30:30]} 14. cxd4 {[%clk 1:30:30]} d5 {[%clk
1:30:30]} 15. f3 {[%clk 1:30:30]} Nd6 {[%clk 1:30:30]} 16. O-O {[%clk 1:30:30]}
Nf5 {[%clk 1:30:30]} 17. Rfd1 {[%clk 1:30:30]} Ne3 {[%clk 1:30:30]} 18. Rd2
{[%clk 1:30:30]} Bf5 {[%clk 1:30:30]} 19. Rc1 {[%clk 1:30:30]} Rac8 {[%clk
1:30:30]} 20. Rxc8 {[%clk 1:30:30]} Rxc8 {[%clk 1:30:30]} 21. Bd3 {[%clk
1:30:30]} g6 {[%clk 1:30:30]} 22. Bxf5 {[%clk 1:30:30]} Nxf5 {[%clk 1:30:30]} 23.
g4 {[%clk 1:30:30]} Nd6 {[%clk 1:30:30]} 24. b3 {[%clk 1:30:30]} f5 {[%clk
1:30:30]} 25. gxf5 {[%clk 1:30:30]} Nxf5 {[%clk 1:30:30]} 26. f4 {[%clk 1:30:30]}
Rc3 {[%clk 1:30:30]} 27. Kh1 {[%clk 1:30:30]} Kf7 {[%clk 1:30:30]} 28. Rd1 {[%clk
1:30:30]} Kf6 {[%clk 1:30:30]} 29. Rd2 {[%clk 1:30:30]} h5 {[%clk 1:30:30]} 30.
Rd1 {[%clk 1:30:30]} Rf3 {[%clk 1:30:30]} 31. Rd2 {[%clk 1:30:30]} Nh4 {[%clk
1:30:30]} 32. Rd1 {[%clk 1:30:30]} Rxf4 {[%clk 1:30:30]} 33. b4 {[%clk 1:30:30]}
Rf2 {[%clk 1:30:30]} 0-1

[Event "Irena Warakomska Memorial B"]
[Site "Suwalki"]
[Date "2020.08.08"]
[Round "3"]
[White "Kaznowska, Kinga"]
[Black "Zawal, Krzysztof"]
[Result "0-1"]
[Board "35"]
[WhiteElo "1007"]
[WhiteCountry "POL"]
[WhiteFideId "21816638"]
[WhiteEloChange "-7"]
[BlackElo "1114"]
[BlackCountry "POL"]
[BlackFideId "21023255"]
[BlackEloChange "7"]

1. e4 {[%clk 1:30:30]} e6 {[%clk 1:30:30]} 2. d4 {[%clk 1:30:30]} d5 {[%clk
1:30:30]} 3. e5 {[%clk 1:30:30]} c5 {[%clk 1:30:30]} 4. Bb5+ {[%clk 1:30:30]} Nc6
{[%clk 1:30:30]} 5. Nf3 {[%clk 1:30:30]} Qb6 {[%clk 1:30:30]} 6. Bxc6+ {[%clk
1:30:30]} bxc6 {[%clk 1:30:30]} 7. c3 {[%clk 1:30:30]} Ba6 {[%clk 1:30:30]} 8.
Na3 {[%clk 1:30:30]} cxd4 {[%clk 1:30:30]} 9. Qxd4 {[%clk 1:30:30]} Bc5 {[%clk
1:30:30]} 10. Qd2 {[%clk 1:30:30]} Bxa3 {[%clk 1:30:30]} 11. bxa3 {[%clk
1:30:30]} h6 {[%clk 1:30:30]} 12. h4 {[%clk 1:30:30]} Ne7 {[%clk 1:30:30]} 13.
Qc2 {[%clk 1:30:30]} Rb8 {[%clk 1:30:30]} 14. h5 {[%clk 1:30:30]} Qb5 {[%clk
1:30:30]} 15. a4 {[%clk 1:30:30]} Qd3 {[%clk 1:30:30]} 16. Qxd3 {[%clk 1:30:30]}
Bxd3 {[%clk 1:30:30]} 17. Kd2 {[%clk 1:30:30]} Ba6 {[%clk 1:30:30]} 18. Ba3
{[%clk 1:30:30]} Nc8 {[%clk 1:30:30]} 19. Rab1 {[%clk 1:30:30]} Nb6 {[%clk
1:30:30]} 20. Bc5 {[%clk 1:30:30]} Nc4+ {[%clk 1:30:30]} 21. Kc2 {[%clk 1:30:30]}
Kd7 {[%clk 1:30:30]} 22. Rb3 {[%clk 1:30:30]} Na5 {[%clk 1:30:30]} 23. Rb4 {[%clk
1:30:30]} f6 {[%clk 1:30:30]} 24. Rhb1 {[%clk 1:30:30]} Rxb4 {[%clk 1:30:30]} 25.
Rxb4 {[%clk 1:30:30]} Nc4 {[%clk 1:30:30]} 26. Bd4 {[%clk 1:30:30]} fxe5 {[%clk
1:30:30]} 27. Nxe5+ {[%clk 1:30:30]} Nxe5 {[%clk 1:30:30]} 28. Bxe5 {[%clk
1:30:30]} Rf8 {[%clk 1:30:30]} 29. Bd4 {[%clk 1:30:30]} e5 {[%clk 1:30:30]} 30.
Be3 {[%clk 1:30:30]} Kd6 {[%clk 1:30:30]} 31. Rb2 {[%clk 1:30:30]} c5 {[%clk
1:30:30]} 32. Kd1 {[%clk 1:30:30]} d4 {[%clk 1:30:30]} 33. cxd4 {[%clk 1:30:30]}
cxd4 {[%clk 1:30:30]} 34. Bc1 {[%clk 1:30:30]} Kd5 {[%clk 1:30:30]} 35. Rd2
{[%clk 1:30:30]} Rf5 {[%clk 1:30:30]} 36. Bb2 {[%clk 1:30:30]} Rxh5 {[%clk
1:30:30]} 37. Kc2 {[%clk 1:30:30]} Rh4 {[%clk 1:30:30]} 38. f3 {[%clk 1:30:30]}
Kc4 {[%clk 1:30:30]} 39. Rd3 {[%clk 1:30:30]} Rh2 {[%clk 1:30:30]} 40. Rd2 {[%clk
1:30:30]} Bc8 {[%clk 1:30:30]} 41. Ba3 {[%clk 1:30:30]} Bf5+ {[%clk 1:30:30]} 42.
Kc1 {[%clk 1:30:30]} d3 {[%clk 1:30:30]} 43. g4 {[%clk 1:30:30]} Rh1+ {[%clk
1:30:30]} 44. Rd1 {[%clk 1:30:30]} Rxd1+ {[%clk 1:30:30]} 45. Kxd1 {[%clk
1:30:30]} Be6 {[%clk 1:30:30]} 46. Kd2 {[%clk 1:30:30]} Bd5 {[%clk 1:30:30]} 47.
Bb2 {[%clk 1:30:30]} Bxf3 {[%clk 1:30:30]} 48. Bxe5 {[%clk 1:30:30]} g6 {[%clk
1:30:30]} 49. Bg7 {[%clk 1:30:30]} h5 {[%clk 1:30:30]} 50. gxh5 {[%clk 1:30:30]}
gxh5 {[%clk 1:30:30]} 51. Be5 {[%clk 1:30:30]} h4 {[%clk 1:30:30]} 52. Bb8 {[%clk
1:30:30]} h3 {[%clk 1:30:30]} 53. Bd6 {[%clk 1:30:30]} Kd5 {[%clk 1:30:30]} 54.
Bf4 {[%clk 1:30:30]} Ke4 {[%clk 1:30:30]} 55. Bh2 {[%clk 1:30:30]} 0-1